10 Largest U.S. National Parks - Statistics

General Stats
  • This quiz has been taken 24 times
  • The average score is 7 of 10
Answer Stats
Sq. Miles Answer % Correct
3,468.4 Yellowstone
91%
9,492.2 Denali
86%
13,238.3 Gates of the Arctic
77%
5,325.6 Death Valley
68%
2,357.7 Everglades
68%
5,127.8 Glacier Bay
64%
2,735.5 Kobuk Valley
64%
20,587.2 Wrangell-St. Elias
64%
6,395.7 Katmai
59%
6,297 Lake Clark
55%
No matching quizzes found
Score Distribution
Percent of People with Each Score
Percentile by Number Answered
Your Score History
You have not taken this quiz